000
00325nam a22001457a 4500
003
SGT
082
_a
616.01
_b
E17A
100
_a
ARORA, D.R.
245
_a
EXAM-ORIENTED MICROBIOLOGY : QUESTIONS & ANSWER
250
_a
1ST
260
_a
INDIA
_b
CBS
_c
2017
300
_a
565
650
_a
MICROBIOLOGY
942
_2
ddc
_c
BK
_0
111
999
_c
14113
_d
14113